| 000 | 00902nam a22002415i 4500 | ||
|---|---|---|---|
| 999 |
_c57698 _d57698 |
||
| 001 | 21315503 | ||
| 005 | 20221107112855.0 | ||
| 008 | 191129s2016 pau 000 0 eng | ||
| 020 | _a9781455775675 1 | ||
| 041 | _aeng | ||
| 080 | _a616.6 C-18 | ||
| 245 | 1 | 0 |
_aCampbell-walsh urology : _cAlan J. Wein, Thomas F. Kolon, Alan W. Partin, Roger R. Dmochowski, Louis R. Kavoussi, Craig A. Peters. _bVolume 3 / |
| 250 | _aEleventh edition | ||
| 264 | 1 |
_aPhiladelphia : _bElsevier, Inc., _c2016 |
|
| 300 |
_a2822 p. _b30 cm. |
||
| 653 | _aმედიცინა | ||
| 653 | _aუროლოგია | ||
| 700 | 1 |
_aPartin, Alan W., _eრედაქტორი _99486 |
|
| 700 | 1 |
_aKavoussi, Louis R., _eრედაქტორი _99481 |
|
| 700 | 1 |
_aPartin, Alan W. _eრედაქტორი _99487 |
|
| 700 | 1 |
_aPeters, Craig A., _eრედაქტორი _99483 |
|
| 942 |
_2udc _cBK |
||